[Event "Isle of Wight op-B"]
[Site "Ryde"]
[Date "2024.04.20"]
[Round "2"]
[White "Baguley, John"]
[Black "Dutta, Arnob"]
[Result "0-1"]
[WhiteElo "1825"]
[BlackElo "1618"]
[PlyCount "52"]
[EventDate "2024.04.19"]
[EventType "swiss"]
[EventRounds "5"]
[EventCountry "ENG"]
[SourceTitle "EXT 2025"]
[Source "ChessBase"]
[SourceDate "2024.10.14"]
[SourceVersion "1"]
[SourceVersionDate "2024.10.14"]
[SourceQuality "1"]

1. d4 Nf6 2. Bf4 c5 3. c3 Qb6 4. Qb3 cxd4 5. Qxb6 axb6 6. cxd4 Nc6 7. e3 Nb4 8. Na3 Rxa3 9. bxa3 Nc2+ 10. Kd1 Nxa1 11. Bd3 e6 12. e4 Bxa3 13. Nf3 d5 14. e5 Ne4 15. Bxe4 dxe4 16. Nd2 Bd7 17. Nxe4 Ba4+ 18. Kd2 Bb4+ 19. Ke2 Bb5+ 20. Kf3 Nc2 21. Be3 Nxe3 22. fxe3 Bc6 23. Rc1 0-0 24. Kf4 h6 25. g4 g5+ 26. Kf3 f5 0-1